Mẫu soạn thảo mơi về kinh doanh,thương mại, tài sản, đất đai, nhà ở, xây dựng, lao động

Zapisane w:
Opis bibliograficzny
Format: Książka
Język:Undetermined
Wydane: Hà Nội Lao động - Xã hội 2007
Hasła przedmiotowe:
Etykiety: Dodaj etykietę
Nie ma etykietki, Dołącz pierwszą etykiete!
Thư viện lưu trữ: Trung tâm Học liệu Trường Đại học Cần Thơ
LEADER 00552nam a2200169Ia 4500
001 CTU_131090
008 210402s9999 xx 000 0 und d
020 |c 90000 
082 |a 652.1 
082 |b M125 
245 0 |a Mẫu soạn thảo mơi về kinh doanh,thương mại, tài sản, đất đai, nhà ở, xây dựng, lao động 
260 |a Hà Nội 
260 |b Lao động - Xã hội 
260 |c 2007 
650 |a Correspondance 
904 |i Hiếu 
980 |a Trung tâm Học liệu Trường Đại học Cần Thơ